| 000 | 00616nam a2200217Ia 4500 | ||
|---|---|---|---|
| 005 | 20230503111345.0 | ||
| 008 | 140110s9999 xx 000 0 und d | ||
| 020 |
_a9788120329843 _cRs.350.00 |
||
| 040 | _aLoreto College | ||
| 041 | _aEnglish | ||
| 082 |
_a658.15 _bBOS |
||
| 100 | _aBose,D. Chandra | ||
| 245 |
_aFundamentals of Financial Management _cD.Chandra Bose |
||
| 260 |
_aNew delhi _bPHI Learning pvt.ltd. _c2009 |
||
| 300 | _a565p. | ||
| 504 | _aIncludes bibliographical references and indexes | ||
| 650 | _aFinancial management | ||
| 651 | _aFinancial planning | ||
| 850 | _aLCLIB | ||
| 942 | _cBK | ||
| 999 |
_c36693 _d87172 |
||